<?xml version="1.0" encoding="UTF-8"?>
<marc:record xmlns:marc="http://www.loc.gov/MARC21/slim">
   <marc:leader>00000nam a2200000 a 4500</marc:leader>
   <marc:datafield ind1=" " ind2=" " tag="653">
      <marc:subfield code="a">CD</marc:subfield>
   </marc:datafield>
   <marc:datafield ind1="0" ind2="0" tag="245">
      <marc:subfield code="a">Warrior cats - die Welt der Clans</marc:subfield>
   </marc:datafield>
   <marc:datafield ind1="0" ind2="0" tag="245">
      <marc:subfield code="c">Erin Hunter. Gelesen von Marlen Diekhoff und Katja Danowski. Hörbuchfassung Andrea Herzog. Regie Angelika Schaack. Aus dem Engl. von Friederike Levin</marc:subfield>
   </marc:datafield>
   <marc:datafield ind1=" " ind2="1" tag="264">
      <marc:subfield code="a">Weinheim</marc:subfield>
      <marc:subfield code="b">Beltz &amp; Gelberg</marc:subfield>
      <marc:subfield code="c">2011</marc:subfield>
   </marc:datafield>
   <marc:datafield ind1="1" ind2=" " tag="520">
      <marc:subfield code="a">Angaben aus der Verlagsmeldung

Warrior Cats - Die Welt der Clans: Das Gesetz der Krieger Warriors, Code of the Clans / von Erin Hunter

Eine junge Heiler-Katze enthüllt zum ersten Mal die Geheimnisse und Legenden, die sich hinter dem Gesetz der Krieger verbergen ...

Seit ewigen Zeiten richten die Katzen des Waldes ihr Leben nach dem Gesetz der Krieger aus. Aber woher kommt eigentlich die Tradition der Großen Versammlung? Wozu müssen junge Clan-Katzen bei ihrer Ernennung zum Krieger eine Nacht lang schweigend Wache halten? Und wie ist das Gesetz der Krieger überhaupt entstanden? Blattpfote, die jungen Heilerin aus dem DonnerClan, nimmt den Leser mit auf eine Reise zu den Ursprüngen der vier WaldClans. 15 spannende, abenteuerliche und tragische Legenden erzählen, wie die Gesetze der WaldKatzen einst enstanden sind. Mit vielen opulenten Bildtafeln ein besonderer Leckerbissen für Fans und Neueinsteiger.
</marc:subfield>
   </marc:datafield>
   <marc:datafield ind1=" " ind2=" " tag="020">
      <marc:subfield code="a">9783407810991</marc:subfield>
      <marc:subfield code="9">9783407810991</marc:subfield>
   </marc:datafield>
   <marc:datafield ind1=" " ind2=" " tag="020">
      <marc:subfield code="a">3407810997</marc:subfield>
      <marc:subfield code="9">3407810997</marc:subfield>
   </marc:datafield>
   <marc:datafield ind1=" " ind2=" " tag="041">
      <marc:subfield code="a">ger</marc:subfield>
   </marc:datafield>
   <marc:datafield ind1=" " ind2=" " tag="300">
      <marc:subfield code="a">4 CDs (4 Std. 55 Min.)</marc:subfield>
   </marc:datafield>
</marc:record>
